[Event "NZL-ch op rapid"]
[Site "Palmerston North"]
[Date "2018.01.11"]
[Round "9"]
[White "Nicholls, Leighton"]
[Black "Smith, Robert Wayne"]
[Result "1/2-1/2"]
[WhiteElo "1818"]
[BlackElo "2173"]
[PlyCount "137"]
[EventDate "2018.01.10"]
[EventType "swiss (rapid)"]
[EventRounds "9"]
[EventCountry "NZL"]
[SourceTitle "EXT 2019"]
[Source "ChessBase"]
[SourceDate "2018.10.10"]
[SourceVersion "1"]
[SourceVersionDate "2018.10.10"]
[SourceQuality "1"]

1. f4 g6 2. Nf3 Bg7 3. g3 c5 4. Bg2 Nc6 5. 0-0 Nf6 6. d3 d5 7. c3 0-0 8. Qe1 d4 9. Na3 Be6 10. Bd2 Qd7 11. Nc4 Bxc4 12. dxc4 Qd6 13. e4 dxe3 14. Bxe3 e6 15. Rd1 Qe7 16. Rd3 Ng4 17. h3 Nxe3 18. Qxe3 Rad8 19. Rfd1 b6 20. Kh2 Rxd3 21. Rxd3 Rd8 22. Ng5 Rxd3 23. Qxd3 Qd8 24. Qxd8+ Nxd8 25. Kg1 e5 26. fxe5 Bxe5 27. Kf2 Kg7 28. Ne4 f5 29. Ng5 h6 30. Nf3 Bd6 31. Nd2 Nf7 32. Bd5 Ne5 33. Ke2 Nd7 34. Kf2 Nf6 35. Bf3 Be5 36. Nf1 g5 37. g4 fxg4 38. hxg4 Bf4 39. Ne3 Bxe3+ 40. Kxe3 Kf7 41. Be2 Ke6 42. Bd1 Ke5 43. Bf3 Ne8 44. Bc6 Ng7 45. Bf3 h5 46. gxh5 Nf5+ 47. Kf2 Kf4 48. Bd5 g4 49. Be6 Nh6 50. Bd7 g3+ 51. Kg2 Nf7 52. Bc6 Kg4 53. Be8 Nh6 54. Bd7+ Kh4 55. Be8 Nf5 56. Kf3 Kg5 57. Bg6 g2 58. Kxg2 Ne3+ 59. Kf3 Nd1 60. b4 Nxc3 61. bxc5 bxc5 62. a3 Na4 63. Ke4 Nb6 64. Bf7 Kf6 65. Bd5 Kg5 66. Bf7 Kf6 67. Bd5 Kg5 68. Bf7 Kf6 69. Bd5 1/2-1/2

[Event "NZL-ch op rapid"]
[Site "Palmerston North"]
[Date "2018.01.11"]
[Round "8"]
[White "Winter, Ryan"]
[Black "Nicholls, Leighton"]
[Result "0-1"]
[WhiteElo "1761"]
[BlackElo "1818"]
[PlyCount "55"]
[EventDate "2018.01.10"]
[EventType "swiss (rapid)"]
[EventRounds "9"]
[EventCountry "NZL"]
[SourceTitle "EXT 2019"]
[Source "ChessBase"]
[SourceDate "2018.10.10"]
[SourceVersion "1"]
[SourceVersionDate "2018.10.10"]
[SourceQuality "1"]

1. e4 e5 2. Nf3 Nc6 3. d4 exd4 4. Nxd4 Bc5 5. Nb3 Bb6 6. Nc3 d6 7. Bc4 Nf6 8. 0-0 0-0 9. Bg5 h6 10. Bh4 Re8 11. Re1 Ne5 12. Bf1 Bg4 13. Qd2 g5 14. Bg3 a5 15. Kh1 a4 16. Nd4 Nh5 17. Nd5 Bc5 18. c3 Nxg3+ 19. hxg3 Kg7 20. Ne3 Qd7 21. f4 gxf4 22. Nef5+ Bxf5 23. Nxf5+ Kh7 24. gxf4 Ng4 25. Nd4 Re7 26. Bd3 Kh8 27. f5 Rg8 28. Be2 0-1

[Event "NZL-ch op 125th"]
[Site "Palmerston North"]
[Date "2018.01.01"]
[Round "1"]
[White "Nicholls, Leighton"]
[Black "Ang, Alphaeus Wei Ern"]
[Result "0-1"]
[WhiteElo "1906"]
[BlackElo "2219"]
[PlyCount "58"]
[EventDate "2018.01.01"]
[EventType "swiss"]
[EventRounds "9"]
[EventCountry "NZL"]
[SourceTitle "CBM 182 Extra"]
[Source "ChessBase"]
[SourceDate "2018.02.23"]
[SourceVersion "1"]
[SourceVersionDate "2018.02.23"]
[SourceQuality "1"]

1. f4 Nf6 2. Nf3 g6 3. g3 Bg7 4. Bg2 0-0 5. 0-0 d5 6. d3 c5 7. c3 Nc6 8. Na3 b6 9. e4 dxe4 10. dxe4 Ba6 11. Qxd8 Raxd8 12. Re1 e5 13. fxe5 Ng4 14. e6 fxe6 15. Bf4 Nge5 16. Nxe5 Nxe5 17. Bxe5 Bxe5 18. Rad1 Bg7 19. Bf1 Bxf1 20. Rxf1 Rxf1+ 21. Rxf1 a6 22. Kg2 b5 23. Rf2 Bh6 24. Nc2 Bc1 25. Na3 Kg7 26. Nb1 b4 27. Rc2 Rd1 28. cxb4 cxb4 29. Kf3 Bh6 0-1

[Event "Wellington Easter op"]
[Site "Wellington"]
[Date "2017.04.15"]
[Round "4"]
[White "Lyall, Simon"]
[Black "Nicholls, Leighton"]
[Result "0-1"]
[WhiteElo "1741"]
[BlackElo "1908"]
[PlyCount "70"]
[EventDate "2017.04.14"]
[EventType "swiss"]
[EventRounds "6"]
[EventCountry "NZL"]
[SourceTitle "CBM 178 Extra"]
[Source "ChessBase"]
[SourceDate "2017.06.22"]
[SourceVersion "1"]
[SourceVersionDate "2017.06.22"]
[SourceQuality "1"]

1. e4 e5 2. Nf3 Nc6 3. d4 exd4 4. Nxd4 Bc5 5. Be3 Qf6 6. c3 Nge7 7. Bc4 d6 8. 0-0 a6 9. Nd2 Bxd4 10. cxd4 Nxd4 11. Qh5 0-0 12. f4 Nc2 13. e5 Qg6 14. Qe2 Nxa1 15. Rxa1 Be6 16. Bd3 Bf5 17. Bc4 dxe5 18. fxe5 Rfd8 19. Qf2 Nd5 20. Rf1 Nxe3 21. Qxe3 Be6 22. Bxe6 Qxe6 23. Qf4 Rd7 24. Nf3 Re8 25. Qe4 Qd5 26. Qf5 h6 27. b3 Red8 28. Qf4 Qc5+ 29. Kh1 Rd1 30. Ne1 R8d7 31. h3 Re7 32. Qg4 Qd5 33. Qc8+ Kh7 34. Qf5+ g6 35. Qg4 Rxe5 0-1

[Event "Oceania zt 3.6"]
[Site "Auckland"]
[Date "2017.01.16"]
[Round "4"]
[White "Chan, Luis"]
[Black "Nicholls, Leighton"]
[Result "1-0"]
[WhiteElo "2135"]
[BlackElo "1929"]
[PlyCount "43"]
[EventDate "2017.01.14"]
[EventType "swiss"]
[EventRounds "9"]
[EventCountry "NZL"]
[SourceTitle "CBM 176 Extra"]
[Source "ChessBase"]
[SourceDate "2017.03.02"]
[SourceVersion "1"]
[SourceVersionDate "2017.03.02"]
[SourceQuality "1"]

1. d4 Nf6 2. c4 c5 3. d5 e5 4. Nc3 d6 5. e4 Be7 6. Bd3 Nbd7 7. Nge2 Nf8 8. Ng3 Ng6 9. Nf5 0-0 10. g3 h6 11. h4 a6 12. g4 Bxf5 13. exf5 Nf4 14. Bxf4 exf4 15. g5 Nd7 16. gxh6 Re8 17. hxg7 Bf6+ 18. Kd2 Bxg7 19. Qg4 Qf6 20. Rhg1 Kf8 21. Kc2 Qd4 22. f6 1-0

[Event "NZL-ch op 124th"]
[Site "Wellington"]
[Date "2017.01.01"]
[Round "1"]
[White "Nicholls, Leighton"]
[Black "Lukey, Bryce"]
[Result "0-1"]
[WhiteElo "1929"]
[BlackElo "1275"]
[PlyCount "48"]
[EventDate "2017.01.01"]
[EventType "swiss"]
[EventRounds "9"]
[EventCountry "NZL"]
[SourceTitle "CBM 176 Extra"]
[Source "ChessBase"]
[SourceDate "2017.03.02"]
[SourceVersion "1"]
[SourceVersionDate "2017.03.02"]
[SourceQuality "1"]

1. f4 g6 2. Nf3 Bg7 3. g3 Nf6 4. Bg2 d6 5. d3 0-0 6. c3 Nbd7 7. 0-0 e5 8. e4 Qe7 9. f5 Nb6 10. Nh4 d5 11. Qf3 dxe4 12. dxe4 Nc4 13. b3 Nd6 14. Bg5 Qe8 15. Qe3 b6 16. h3 Bb7 17. Nd2 a5 18. Rf2 gxf5 19. Nxf5 Nxf5 20. Rxf5 Qe6 21. Bf1 Nxe4 22. Nxe4 Qxf5 23. Bd3 Qxh3 24. Rf1 f5 0-1

[Event "Dunedin Sutton Trophy"]
[Site "Dunedin"]
[Date "2016.10.26"]
[Round "1"]
[White "Clarkson, Robert"]
[Black "Nicholls, Leighton"]
[Result "0-1"]
[WhiteElo "1572"]
[BlackElo "1934"]
[PlyCount "75"]
[EventDate "2016.10.26"]
[EventType "swiss"]
[EventRounds "6"]
[EventCountry "NZL"]
[SourceTitle "EXT 2018"]
[Source "ChessBase"]
[SourceDate "2017.10.13"]
[SourceVersion "1"]
[SourceVersionDate "2017.10.13"]
[SourceQuality "1"]

1. c4 Nf6 2. d4 c5 3. Nf3 cxd4 4. Qxd4 Nc6 5. Qd1 g6 6. Nc3 Bg7 7. e3 0-0 8. Bd3 d6 9. Rb1 Be6 10. b3 Nd7 11. Bb2 Nc5 12. Be2 Qa5 13. Nd4 Bf5 14. Rc1 Ne4 15. 0-0 Nxd4 16. exd4 Nxc3 17. Bxc3 Qxa2 18. Bf3 Qa6 19. Ra1 Qb6 20. Re1 Rfe8 21. Re3 Qc7 22. Bg4 Bxg4 23. Qxg4 f5 24. Qg5 e5 25. d5 a5 26. Rh3 a4 27. Qh4 axb3 28. Qxh7+ Kf7 29. Rg3 Rxa1+ 30. Bxa1 Re7 31. Qxg6+ Kg8 32. Rh3 Qxc4 33. Qh7+ Kf8 34. Qxf5+ Rf7 35. Qg5 Bf6 36. Qh6+ Ke7 37. Bb2 Qxd5 38. g4 0-1

[Event "Wellington op"]
[Site "Wellington"]
[Date "2016.03.26"]
[Round "2"]
[White "Nicholls, Leighton"]
[Black "Thornton, Giovanni Antonio"]
[Result "1/2-1/2"]
[WhiteElo "1903"]
[BlackElo "2166"]
[PlyCount "41"]
[EventDate "2016.03.25"]
[EventType "swiss"]
[EventRounds "6"]
[EventCountry "NZL"]
[SourceTitle "EXT 2018"]
[Source "ChessBase"]
[SourceDate "2017.10.13"]
[SourceVersion "1"]
[SourceVersionDate "2017.10.13"]
[SourceQuality "1"]

1. Nf3 Nf6 2. c4 b6 3. g3 Bb7 4. Bg2 e6 5. Nc3 Be7 6. 0-0 0-0 7. d4 Ne4 8. Nxe4 Bxe4 9. Ne5 Bxg2 10. Kxg2 d6 11. Nf3 Nd7 12. b3 Qe8 13. Bb2 f5 14. Qc2 Qg6 15. Rae1 Nf6 16. d5 exd5 17. Nh4 Qf7 18. Nxf5 dxc4 19. Nxe7+ Qxe7 20. Qxc4+ Kh8 21. e4 1/2-1/2

[Event "NZL-ch op 123rd"]
[Site "Auckland"]
[Date "2016.01.02"]
[Round "1"]
[White "Thornton, Giovanni Antonio"]
[Black "Nicholls, Leighton"]
[Result "1-0"]
[WhiteElo "2207"]
[BlackElo "1910"]
[PlyCount "67"]
[EventDate "2016.01.02"]
[EventType "swiss"]
[EventRounds "9"]
[EventCountry "NZL"]
[SourceTitle "CBM 170 Extra"]
[Source "ChessBase"]
[SourceDate "2016.02.25"]
[SourceVersion "1"]
[SourceVersionDate "2016.02.25"]
[SourceQuality "1"]

1. Nf3 d5 2. d4 Nf6 3. c4 c6 4. Nc3 e6 5. e3 Bd6 6. Bd3 Nbd7 7. 0-0 0-0 8. e4 dxe4 9. Nxe4 Nxe4 10. Bxe4 Nf6 11. Bc2 c5 12. Bg5 b6 13. Qd3 g6 14. dxc5 Be7 15. Ne5 Qxd3 16. Bxd3 Kg7 17. cxb6 axb6 18. Rfd1 Nd5 19. Bxe7 Nxe7 20. Be4 Ra7 21. Rd6 f6 22. Nc6 Nxc6 23. Rxc6 Rd8 24. h3 Rd4 25. Bf3 Bd7 26. Rxb6 Rxc4 27. b3 Rc2 28. a4 Rb2 29. a5 Bc8 30. b4 Kf7 31. Rb8 Bd7 32. Rb7 Rxb7 33. Bxb7 Rxb4 34. a6 1-0

[Event "Wellington Easter op"]
[Site "Wellington"]
[Date "2015.04.04"]
[Round "4"]
[White "Nicholls, Leighton"]
[Black "Nyberg, Michael"]
[Result "0-1"]
[WhiteElo "1721"]
[BlackElo "1977"]
[PlyCount "158"]
[EventDate "2015.04.03"]
[EventType "swiss"]
[EventRounds "6"]
[EventCountry "NZL"]
[SourceTitle "EXT 2018"]
[Source "ChessBase"]
[SourceDate "2017.10.13"]
[SourceVersion "1"]
[SourceVersionDate "2017.10.13"]
[SourceQuality "1"]

1. e4 e5 2. Nf3 Nc6 3. Bb5 a6 4. Ba4 d6 5. d4 b5 6. Bb3 exd4 7. Nxd4 Nxd4 8. Qxd4 Nf6 9. c3 Be7 10. 0-0 0-0 11. a4 c5 12. Qe3 Bb7 13. f3 Bc6 14. axb5 axb5 15. Rxa8 Bxa8 16. Qe2 Bc6 17. Be3 Qc7 18. Na3 c4 19. Bd1 d5 20. exd5 Nxd5 21. Nc2 Re8 22. Nd4 Bg5 23. Bxg5 Rxe2 24. Bxe2 h6 25. Bd2 Bd7 26. Ra1 Qb6 27. Kf1 Qb8 28. Kg1 Nf4 29. Bd1 Nd3 30. b3 Qb6 31. Kf1 Qd6 32. Kg1 Qg6 33. bxc4 bxc4 34. Be2 Qb6 35. Bd1 Qb2 36. Ra8+ Kh7 37. Bc2 Be6 38. Kf1 h5 39. Ke2 Bf5 40. Kf1 Bg6 41. Ra5 h4 42. Rb5 Qa1+ 43. Rb1 Qa7 44. g3 Ne5 45. Bxg6+ Nxg6 46. Ke2 Qe7+ 47. Kf1 Qd7 48. Kg2 h3+ 49. Kf1 Qa4 50. Re1 Qa2 51. Rd1 Ne5 52. Ke2 Nd3 53. Kf1 Nc5 54. Ke1 Nb3 55. Ne2 Qc2 56. Be3 Qf5 57. Kf2 g5 58. Rd6 g4 59. Ng1 f6 60. Rd8 Nc5 61. Bxc5 Qxc5+ 62. Rd4 f5 63. fxg4 fxg4 64. Ne2 Qc6 65. Ke3 Qf3+ 66. Kd2 Qg2 67. Rxg4 Qxh2 68. Rxc4 Qg2 69. Rh4+ Kg7 70. Ke3 h2 71. c4 h1Q 72. Rxh1 Qxh1 73. Nf4 Qd1 74. Nd3 Qg1+ 75. Ke4 Qxg3 76. c5 Qc7 77. Kd5 Kf6 78. c6 Ke7 79. Nc5 Qd6+ 0-1

[Event "Wellington Easter op"]
[Site "Wellington"]
[Date "2015.04.03"]
[Round "2"]
[White "Dive, Russell John"]
[Black "Nicholls, Leighton"]
[Result "1/2-1/2"]
[WhiteElo "2317"]
[BlackElo "1721"]
[PlyCount "128"]
[EventDate "2015.04.03"]
[EventType "swiss"]
[EventRounds "6"]
[EventCountry "NZL"]
[SourceTitle "EXT 2018"]
[Source "ChessBase"]
[SourceDate "2017.10.13"]
[SourceVersion "1"]
[SourceVersionDate "2017.10.13"]
[SourceQuality "1"]

1. Nf3 Nf6 2. c4 g6 3. g3 Bg7 4. Bg2 0-0 5. 0-0 c5 6. Nc3 Nc6 7. Ne1 d6 8. Nc2 a6 9. d3 Rb8 10. a3 Bd7 11. b4 b5 12. Rb1 Ne8 13. Bd2 bxc4 14. dxc4 Nc7 15. Qc1 f5 16. Re1 Ne5 17. bxc5 dxc5 18. Rxb8 Qxb8 19. Nd5 e6 20. Nxc7 Qxc7 21. Bf4 Qb6 22. Ne3 Bc6 23. Rd1 Bxg2 24. Kxg2 Rd8 25. Rxd8+ Qxd8 26. Qc2 Nc6 27. Qa4 Qa8 28. Bd6 Bf8 29. Bxf8 Kxf8 30. f3 Qb7 31. Kf2 Kf7 32. Ng2 g5 33. h4 h6 34. hxg5 hxg5 35. Ne1 Ne5 36. Qa5 Nxc4 37. Qxc5 Qb6 38. Qxb6 Nxb6 39. Nc2 f4 40. gxf4 gxf4 41. e3 e5 42. exf4 exf4 43. Ke2 Ke6 44. Kd3 Ke5 45. Nb4 Nd5 46. Nxa6 Ne7 47. Nb4 Nf5 48. Kc3 Nh4 49. Nd3+ Kd6 50. Ne1 Kc6 51. Kd4 Kb5 52. Ke4 Ka4 53. Nc2 Ng2 54. Kf5 Ne3+ 55. Kxf4 Nxc2 56. Ke4 Nxa3 57. f4 Nc4 58. Kd4 Kb5 59. f5 Nd6 60. f6 Kc6 61. Ke5 Kd7 62. Kd5 Ne8 63. f7 Ke7 64. fxe8Q+ Kxe8 1/2-1/2

[Event "North Island-ch"]
[Site "Auckland"]
[Date "2014.07.17"]
[Round "7"]
[White "Zhang, Leo"]
[Black "Nicholls, Leighton"]
[Result "1/2-1/2"]
[WhiteElo "1719"]
[BlackElo "1781"]
[PlyCount "66"]
[EventDate "2014.07.14"]
[EventType "swiss"]
[EventRounds "9"]
[EventCountry "NZL"]
[SourceTitle "EXT 2018"]
[Source "ChessBase"]
[SourceDate "2017.10.13"]
[SourceVersion "1"]
[SourceVersionDate "2017.10.13"]
[SourceQuality "1"]

1. c4 c5 2. g3 Nf6 3. Bg2 g6 4. Nf3 Bg7 5. 0-0 0-0 6. e3 e6 7. Nc3 Nc6 8. b3 b6 9. Bb2 Bb7 10. Rc1 d5 11. cxd5 exd5 12. d4 cxd4 13. Nxd4 Nxd4 14. Qxd4 Ne4 15. Qd3 Nxc3 16. Bxc3 Bxc3 17. Rxc3 Rc8 18. Rd1 Rxc3 19. Qxc3 Qd6 20. Rd4 Rd8 21. Qd2 f5 22. h3 Kf7 23. Kh2 Ke6 24. e4 fxe4 25. Bxe4 Rd7 26. Bf3 Kf7 27. Bg4 Re7 28. Rf4+ Kg8 29. Qc3 Qe5 30. Qf3 Kg7 31. Qd3 Rf7 32. Rxf7+ Kxf7 33. Bf3 Kg7 1/2-1/2

[Event "North Island-ch"]
[Site "Auckland"]
[Date "2014.07.15"]
[Round "4"]
[White "Mukkattu, Philip"]
[Black "Nicholls, Leighton"]
[Result "0-1"]
[WhiteElo "1770"]
[BlackElo "1781"]
[PlyCount "66"]
[EventDate "2014.07.14"]
[EventType "swiss"]
[EventRounds "9"]
[EventCountry "NZL"]
[SourceTitle "EXT 2018"]
[Source "ChessBase"]
[SourceDate "2017.10.13"]
[SourceVersion "1"]
[SourceVersionDate "2017.10.13"]
[SourceQuality "1"]

1. d4 Nf6 2. c4 e6 3. Nc3 Bb4 4. Qc2 d5 5. a3 Bxc3+ 6. bxc3 0-0 7. Nf3 b6 8. e3 Bb7 9. cxd5 exd5 10. Bd3 Nbd7 11. Bb2 c5 12. 0-0 h6 13. Rfc1 c4 14. Bf1 Ne4 15. a4 f5 16. g3 g5 17. Bg2 h5 18. Nd2 Ndf6 19. Ba3 Rf7 20. f3 Nxd2 21. Qxd2 Rg7 22. Re1 Qc7 23. Qc2 Qd7 24. Rf1 Re8 25. Rae1 Bc6 26. a5 bxa5 27. Rf2 h4 28. gxh4 gxh4 29. Kh1 f4 30. e4 dxe4 31. fxe4 Nd5 32. e5 Ne3 33. Bxc6 Qxc6+ 0-1